ბათუმის შოთა რუსთაველის სახელმწიფო უნივერსიტეტის ბიბლიოთეკა

Ипотечно-Инвестиционный анализ (ბიბ.ჩანაწერი № 37078)

000 -LEADER
fixed length control field 00925nam a2200241Ia 4500
001 - CONTROL NUMBER
control field 3034
003 - CONTROL NUMBER IDENTIFIER
control field GE_BSU
008 - FIXED-LENGTH DATA ELEMENTS--GENERAL INFORMATION
fixed length control field 181216s||||||||xx |||||||||||||| ||und||
020 ## - INTERNATIONAL STANDARD BOOK NUMBER
International Standard Book Number 5731008639
040 ## - CATALOGING SOURCE
Transcribing agency GE_BSU
245 ## - TITLE STATEMENT
Title Ипотечно-Инвестиционный анализ
245 ## - TITLE STATEMENT
Remainder of title Учебное пособие Санкт-Петербургский Гос ун-тет Экономики и финансов кафедра ценообразования .
245 ## - TITLE STATEMENT
Statement of responsibility, etc. под. ред.: В. Е. Есипова,
260 ## - PUBLICATION, DISTRIBUTION, ETC.
Place of publication, distribution, etc. СПБ
260 ## - PUBLICATION, DISTRIBUTION, ETC.
Name of publisher, distributor, etc. Санкт-Петербургский Гос. ун-тет Гос. Экономики и финансов
260 ## - PUBLICATION, DISTRIBUTION, ETC.
Date of publication, distribution, etc. 1998
300 ## - PHYSICAL DESCRIPTION
Extent 207 ст.21 см.
653 ## - INDEX TERM--UNCONTROLLED
Uncontrolled term Ипотечно-Инвесеиционный анализ:
653 ## - INDEX TERM--UNCONTROLLED
Uncontrolled term Экономика
653 ## - INDEX TERM--UNCONTROLLED
Uncontrolled term ეკონომიკა
942 ## - ADDED ENTRY ELEMENTS (KOHA)
Koha item type წიგნი
ეგზემპლარები
Withdrawn status Lost status Damaged status Not for loan Date acquired Barcode Date last seen Price effective from Koha item type Public note
        2018-12-17 7875 2018-12-17 2018-12-17 წიგნი დარბაზი
        2018-12-17 7876 2018-12-17 2018-12-17 წიგნი დარბაზი